Four Movies, One Subplot Quiz Stats

 Plays Quiz Updated Jun 26, 2017

Support Sporcle.
Go Orange.
Score 0/14 Timer 03:00
0 Plays Today
% Correct
People get eaten
97%
The hero dies
92.5%
It rains a lot
91.2%
A main character has amnesia
89.3%
The main character has red hair
89.2%
Has a cabin in the woods
88.5%
Computers feature in the storyline
88.3%
% Correct
Set in San Francisco
87.4%
Major characters have their heads shaved
84.2%
There's a bomb
81.1%
Hit men feature in the storyline
79.6%
There are bank robberies
78.3%
Car-wash scenes
77.4%
There's a train crash
72.2%

You're not logged in!

Compare scores with friends on all Sporcle quizzes.
OR
Log In
Forgot?

From the Vault

Blitz: Name a US State That...

by sproutcm

As long as the U.S. hasn't added any new states lately, you should be fine.
Remove Ads.
Support Sporcle.
Get the best of Sporcle when you Go Orange. This ad-free experience offers more features, more stats, and more fun while also helping to support Sporcle. Thank you for becoming a member.

Show Comments

Extras

Top Quizzes Today


Score Distribution

Your Account Isn't Verified!

In order to create a playlist on Sporcle, you need to verify the email address you used during registration. Go to your Sporcle Settings to finish the process.

Report this User

Report this user for behavior that violates our Community Guidelines.

Details: